000 00424nam a2200181Ia 4500
001 19301
005 20260306172643.0
008 260306t2008||||xx |||||||||||||| ||spa||
041 _aESP
082 _a658.83
_bM19
100 _aMalhotra, Naresh K.
_eAUT
245 0 _aInvestigación de mercados
260 _c2008
300 _a920 pƔginas :
_c27 cm.
650 _aGEN
654 _aCAN
942 _cLIB
_dJUS
_fJUS
_2ddc
_n
999 _c19301
_d19301